000 00698nam a2200217Ii 4500
003 JO-AjNU
008 230606s9999||||xx |||||||||||||| ||und||
020 _a0-8191-0372-1
040 _aJO-AjNU
_beng
_erda
_cJO-AjNU
041 _aeng
050 1 4 _aLB1051.K39 1978
100 3 _aKennedy, John Joseph,
_eauthor
_95832
245 0 3 _aAn Introduction to the Design and Analysis of Experiments in Education and Psychology
250 _a5 ed
264 3 1 _aU.S.A: University Press Of America, 1978
300 _a586P
_bTables
336 _atext
_btxt
_2rdacontent
337 _aunmediated
_bn
_2rdamedia
338 _avolume
_bnc
_2rdacarrier
650 4 _aPsychology - Education - Experiments
_95833
999 _aE3025
_c3022
_d3022